Positive psychology : the science of happiness and flourishing / William C. Compton, Middle Tennessee State University, Edward Hoffman, Yeshiva University. (Record no. 22383)

000 -LEADER
fixed length control field 00639nam a22001697a 4500
020 ## - INTERNATIONAL STANDARD BOOK NUMBER
ISBN 9781544322926
082 ## - DEWEY DECIMAL CLASSIFICATION NUMBER
Classification number 150.1988
Item number C738 2020
100 ## - MAIN ENTRY--AUTHOR NAME
Personal name Compton, William C., author.
245 ## - TITLE STATEMENT
Title Positive psychology : the science of happiness and flourishing / William C. Compton, Middle Tennessee State University, Edward Hoffman, Yeshiva University.
250 ## - EDITION STATEMENT
Edition statement Third edition
260 ## - PUBLICATION, DISTRIBUTION, ETC. (IMPRINT)
Place of publication Los Angeles :
Name of publisher SAGE,
Year of publication c2020.
300 ## - PHYSICAL DESCRIPTION
Number of Pages 1 online resource, xxiv, 503 pages :
Other physical details illustrations.
500 ## - GENERAL NOTE
General note Includes bibliographical references and index.
650 ## - SUBJECT ADDED ENTRY--TOPICAL TERM
Topical Term Positive psychology.
700 ## - ADDED ENTRY--PERSONAL NAME
Personal name Hoffman, Edward
942 ## - ADDED ENTRY ELEMENTS (KOHA)
Koha item type Electronic Books
Holdings
Source of acquisition Permanent Location Date acquired Collection code Koha item type Lost status Shelving location Withdrawn status Current Location Full call number
DonationCagayan State University - Carig Library2026-04-15Electronic Media CenterElectronic Books Electronic Media Center Cagayan State University - Carig Library150.1988 C738 2020

Cagayan State University University Library, Carig Campus
Tuguegarao City, Cagayan 3500 | www.csucarig.edu.ph

Powered by Koha